[Event "WYCC Girls U18"]
[Site "Porto Carras"]
[Date "2015.11.01"]
[Round "7.11"]
[White "Assaubayeva, Diana"]
[Black "Heinemann, Josefine"]
[Result "0-1"]
[BlackElo "2253"]
[WhiteElo "1998"]
[LiveChessVersion "1.4.6"]

1. c4 {[%clk 1:30:57]} g6 {[%clk 1:30:53]} 2. g3 {[%clk 1:31:05]} c5
{[%clk 1:31:03]} 3. Bg2 {[%clk 1:31:31]} Bg7 {[%clk 1:31:29]} 4. Nc3
{[%clk 1:31:58]} Nc6 {[%clk 1:31:22]} 5. e4 {[%clk 1:31:41]} Nf6 {[%clk 1:30:51]}
6. d3 {[%clk 1:31:51]} d6 {[%clk 1:31:10]} 7. Nge2 {[%clk 1:32:13]} O-O
{[%clk 1:30:48]} 8. O-O {[%clk 1:32:37]} Rb8 {[%clk 1:29:54]} 9. h3
{[%clk 1:31:53]} a6 {[%clk 1:29:02]} 10. a4 {[%clk 1:31:34]} Ne8 {[%clk 1:27:23]}
11. Be3 {[%clk 1:31:16]} Nc7 {[%clk 1:26:03]} 12. d4 {[%clk 1:26:52]} cxd4
{[%clk 1:23:48]} 13. Nxd4 {[%clk 1:27:17]} Ne6 {[%clk 1:24:00]} 14. Nce2
{[%clk 1:26:19]} Na5 {[%clk 1:17:48]} 15. Rc1 {[%clk 1:24:57]} Bd7
{[%clk 1:15:30]} 16. b4 {[%clk 1:19:16]} Nc6 {[%clk 1:14:16]} 17. Nxe6
{[%clk 1:14:36]} Bxe6 {[%clk 1:12:51]} 18. b5 {[%clk 1:14:32]} Ne5
{[%clk 1:10:54]} 19. c5 {[%clk 1:10:00]} dxc5 {[%clk 1:10:37]} 20. Bxc5
{[%clk 1:09:17]} Bc4 {[%clk 1:06:17]} 21. Nf4 {[%clk 0:50:42]} Bxf1
{[%clk 1:05:10]} 22. Qxf1 {[%clk 0:50:48]} axb5 {[%clk 0:57:28]} 23. Qxb5
{[%clk 0:50:52]} Nc6 {[%clk 0:56:48]} 24. Nd5 {[%clk 0:48:24]} Re8
{[%clk 0:53:44]} 25. Rd1 {[%clk 0:47:46]} Kh8 {[%clk 0:51:53]} 26. Bf3
{[%clk 0:43:27]} Ne5 {[%clk 0:41:51]} 27. Be2 {[%clk 0:43:03]} Qc8
{[%clk 0:38:55]} 28. Nxe7 {[%clk 0:40:29]} Qxh3 {[%clk 0:38:38]} 29. Bd6
{[%clk 0:34:31]} Ng4 {[%clk 0:37:31]} 30. Bxg4 {[%clk 0:34:56]} Qxg4
{[%clk 0:37:57]} 31. Rd3 {[%clk 0:28:30]} Ra8 {[%clk 0:34:13]} 32. f3
{[%clk 0:21:41]} Qe6 {[%clk 0:33:18]} 33. Qxb7 {[%clk 0:12:35]} Rxa4
{[%clk 0:33:06]} 34. Nc6 {[%clk 0:11:38]} Ra1+ {[%clk 0:33:07]} 35. Kf2
{[%clk 0:11:33]} Qa2+ {[%clk 0:33:02]} 36. Ke3 {[%clk 0:11:46]} Re1+
{[%clk 0:33:28]} 0-1

[Event "WYCC Girls U18"]
[Site "Porto Carras"]
[Date "2015.11.01"]
[Round "7.12"]
[White "Amrayeva, Aytan"]
[Black "Ghukasyan, Siranush"]
[Result "1-0"]
[BlackElo "2138"]
[WhiteElo "2193"]
[LiveChessVersion "1.4.6"]

1. c4 {[%clk 1:30:57]} e6 {[%clk 1:30:54]} 2. d4 {[%clk 1:30:46]} d5
{[%clk 1:31:19]} 3. Nc3 {[%clk 1:31:05]} Be7 {[%clk 1:31:30]} 4. Nf3
{[%clk 1:30:18]} Nf6 {[%clk 1:31:53]} 5. e3 {[%clk 1:30:01]} O-O {[%clk 1:31:56]}
6. Bd3 {[%clk 1:30:19]} b6 {[%clk 1:30:41]} 7. O-O {[%clk 1:27:04]} Bb7
{[%clk 1:30:51]} 8. Ne5 {[%clk 1:26:32]} Nbd7 {[%clk 1:29:54]} 9. b3
{[%clk 1:23:29]} c5 {[%clk 1:24:16]} 10. cxd5 {[%clk 1:22:02]} exd5
{[%clk 1:23:05]} 11. Bb2 {[%clk 1:21:33]} a6 {[%clk 0:59:53]} 12. Bf5
{[%clk 1:15:36]} g6 {[%clk 0:45:37]} 13. Bh3 {[%clk 1:09:48]} Nxe5
{[%clk 0:38:18]} 14. dxe5 {[%clk 1:08:45]} Ne4 {[%clk 0:38:39]} 15. f4
{[%clk 1:02:24]} Nxc3 {[%clk 0:34:16]} 16. Bxc3 {[%clk 1:02:43]} f5
{[%clk 0:34:12]} 17. Rf2 {[%clk 0:56:06]} Qe8 {[%clk 0:32:15]} 18. g3
{[%clk 0:45:31]} Rd8 {[%clk 0:30:29]} 19. Bg2 {[%clk 0:43:56]} Qf7
{[%clk 0:26:07]} 20. Rd2 {[%clk 0:40:39]} Rd7 {[%clk 0:24:31]} 21. Qe2
{[%clk 0:39:45]} Rfd8 {[%clk 0:22:57]} 22. Rad1 {[%clk 0:39:54]} Bf8
{[%clk 0:19:17]} 23. g4 {[%clk 0:31:21]} Qe6 {[%clk 0:15:55]} 24. gxf5
{[%clk 0:25:02]} gxf5 {[%clk 0:16:19]} 25. Kh1 {[%clk 0:24:54]} Rg7
{[%clk 0:13:55]} 26. Bf3 {[%clk 0:22:56]} Rdd7 {[%clk 0:11:07]} 27. Qf2
{[%clk 0:18:43]} Bc6 {[%clk 0:10:42]} 28. Bb2 {[%clk 0:13:32]} b5
{[%clk 0:08:47]} 29. a3 {[%clk 0:13:01]} h6 {[%clk 0:07:07]} 30. h3
{[%clk 0:12:54]} Kh7 {[%clk 0:07:21]} 31. Kh2 {[%clk 0:12:05]} Be7
{[%clk 0:07:17]} 32. Bc3 {[%clk 0:10:21]} b4 {[%clk 0:02:00]} 33. axb4
{[%clk 0:10:17]} cxb4 {[%clk 0:02:28]} 34. Bd4 {[%clk 0:09:38]} Rd8
{[%clk 0:01:26]} 35. Rc2 {[%clk 0:05:34]} Bb5 {[%clk 0:01:04]} 36. Rdc1
{[%clk 0:03:22]} a5 {[%clk 0:00:46]} 37. Ra1 {[%clk 0:02:18]} a4 {[%clk 0:00:38]}
38. bxa4 {[%clk 0:02:37]} Bc4 {[%clk 0:01:04]} 39. Rb2 {[%clk 0:02:37]} Ra8
{[%clk 0:01:00]} 40. a5 {[%clk 0:31:17]} Qg6 {[%clk 0:30:43]} 41. Bb6
{[%clk 0:22:05]} b3 {[%clk 0:26:45]} 42. Bd4 {[%clk 0:16:28]} Qc6
{[%clk 0:16:41]} 43. Bd1 {[%clk 0:11:44]} Rag8 {[%clk 0:09:38]} 44. a6
{[%clk 0:10:11]} Bxa6 {[%clk 0:06:49]} 45. Bxb3 {[%clk 0:09:15]} Bd3
{[%clk 0:07:04]} 46. e6 {[%clk 0:05:06]} Rg6 {[%clk 0:05:45]} 47. Ra7
{[%clk 0:05:17]} Rxe6 {[%clk 0:04:41]} 48. Ba4 {[%clk 0:03:43]} Qc1
{[%clk 0:03:26]} 49. Rbb7 {[%clk 0:03:50]} Rg7 {[%clk 0:03:03]} 50. Bb2
{[%clk 0:02:21]} Qc5 {[%clk 0:00:58]} 51. Bxg7 {[%clk 0:02:41]} Kxg7
{[%clk 0:01:16]} 52. Qh4 {[%clk 0:02:21]} Qxe3 {[%clk 0:01:11]} 53. Rxe7+
{[%clk 0:01:43]} 1-0

[Event "WYCC Girls U16"]
[Site "Porto Carras"]
[Date "2015.10.25"]
[Round "1.1"]
[White "Sherif, Amina"]
[Black "Zhou, Qiyu"]
[Result "0-1"]
[WhiteElo "1906"]
[BlackElo "2328"]
[PlyCount "75"]
[EventDate "2015.??.??"]
[WhiteClock "0:00:39"]
[BlackClock "0:00:35"]

1. Nf3 Nf6 2. d4 e6 3. e3 d5 4. Bd3 Bd6 5. O-O O-O 6. b3 c5 7. Bb2 b6 8. Nbd2
Bb7 9. Ne5 Nbd7 10. Rc1 Qe7 11. f4 Rfd8 12. Qe2 Rac8 13. Ndf3 Ne4 14. c4 f6 15.
Nxd7 Rxd7 16. Rfd1 Rcd8 17. Qc2 g6 18. g3 cxd4 19. exd4 Ba3 20. Bxa3 Qxa3 21.
Qe2 Rc7 22. Rc2 Qd6 23. Rdc1 Rdc8 24. Qe3 a5 25. Rb1 Kg7 26. Qe1 f5 27. Qe3 Rd8
28. Rd1 Ba6 29. Bxe4 fxe4 30. Ne5 Rdc8 31. Rdc1 Qb4 32. Qe2 a4 33. Rc3 b5 34.
Qg4 axb3 35. Rxb3 Qd2 36. Rd1 Qc2 37. c5 b4 38. Rdb1 0-1

[Event "WYCC Girls U16"]
[Site "Porto Carras"]
[Date "2015.10.25"]
[Round "1.2"]
[White "Dordzhieva, Dinara"]
[Black "Shivacheva, Donika"]
[Result "1-0"]
[WhiteElo "2298"]
[BlackElo "1901"]
[PlyCount "85"]
[EventDate "2015.??.??"]
[WhiteClock "0:30:08"]
[BlackClock "0:26:16"]

1. Nf3 Nf6 2. c4 c6 3. e3 d6 4. d4 Bg4 5. Nc3 Nbd7 6. h3 Bh5 7. Be2 Qc7 8. d5
a5 9. b3 Nc5 10. Ba3 Nfd7 11. Rc1 e5 12. dxe6 Nxe6 13. Ne4 Ndc5 14. Ng3 Bg6 15.
Nh4 Be7 16. Nhf5 Rd8 17. Bb2 O-O 18. O-O d5 19. Qe1 Ne4 20. Nxe7+ Qxe7 21. Nxe4
dxe4 22. Qxa5 Ra8 23. Qc3 Rxa2 24. b4 Raa8 25. c5 f6 26. Rfd1 Rfd8 27. Ra1 Nc7
28. Rxd8+ Rxd8 29. Qe1 Nd5 30. Ra7 Qc7 31. Bd4 Rb8 32. Qd2 Bf7 33. Qb2 Qc8 34.
b5 cxb5 35. Qxb5 Be8 36. Qb1 Bc6 37. Qxe4 Nc3 38. Bc4+ Kh8 39. Qh4 Ne4 40. f3
Ng5 41. Qg3 Ra8 42. Rxa8 Qxa8 43. h4 1-0

[Event "WYCC Girls U16"]
[Site "Porto Carras"]
[Date "2015.10.25"]
[Round "1.3"]
[White "Blazeka, Mihaela"]
[Black "Tsolakidou, Stavroula"]
[Result "0-1"]
[WhiteElo "1900"]
[BlackElo "2279"]
[PlyCount "80"]
[EventDate "2015.??.??"]
[WhiteClock "0:31:15"]
[BlackClock "0:01:32"]

1. e4 c5 2. Nf3 d6 3. d4 cxd4 4. Nxd4 Nf6 5. f3 e5 6. Nb3 Be6 7. c4 Nbd7 8. Be3
Rc8 9. Na3 a6 10. Rc1 Be7 11. Be2 Nh5 12. g3 O-O 13. f4 exf4 14. gxf4 Bh4+ 15.
Kd2 Nhf6 16. Bf3 b5 17. cxb5 axb5 18. Rxc8 Qxc8 19. Nxb5 Qa6 20. Nc3 Nb6 21.
Kc1 Na4 22. Qe2 Bc4 23. Qc2 Nxc3 24. bxc3 Ra8 25. e5 Nd5 26. Bxd5 Bxd5 27. Rd1
Bf3 28. Rxd6 Qf1+ 29. Kb2 Be7 30. Nd2 Qb5+ 31. Qb3 Qe2 32. Qb6 Bxd6 33. exd6
Bd5 34. a4 Qd3 35. d7 Be6 36. Qb7 Rd8 37. Bb6 Qxd2+ 38. Kb1 Bf5+ 39. Ka1 Qc1+
40. Ka2 Be6+ 0-1

[Event "WYCC Girls U16"]
[Site "Porto Carras"]
[Date "2015.10.25"]
[Round "1.4"]
[White "Avramidou, Anastasia"]
[Black "Mirza, Diana"]
[Result "1-0"]
[WhiteElo "2249"]
[BlackElo "1898"]
[PlyCount "65"]
[EventDate "2015.??.??"]
[WhiteClock "0:00:42"]
[BlackClock "0:09:33"]

1. e4 c5 2. Nf3 e6 3. d4 cxd4 4. Nxd4 Nc6 5. Nc3 Qc7 6. Be3 Nf6 7. Qd2 Bb4 8.
Bd3 d5 9. exd5 Nxd5 10. O-O Bd7 11. Nxd5 exd5 12. c3 Be7 13. Nb5 Qd8 14. Bf4
Rc8 15. Nd6+ Bxd6 16. Bxd6 Be6 17. Ba3 a6 18. Rae1 Ne7 19. f4 g6 20. Kh1 Kd7
21. g4 d4 22. c4 Re8 23. f5 gxf5 24. Bxf5 Rxc4 25. Bxe6+ fxe6 26. b3 Rc6 27.
Qxd4+ Nd5 28. Qa7 Kc7 29. Bb2 Nc3 30. Rf7+ Re7 31. Rxe7+ Qxe7 32. Qd4 Nd5 33.
Qxd5 1-0

[Event "WYCC Girls U16"]
[Site "Porto Carras"]
[Date "2015.10.25"]
[Round "1.5"]
[White "Stashis, Anna"]
[Black "Unuk, Laura"]
[Result "1-0"]
[WhiteElo "1897"]
[BlackElo "2244"]
[PlyCount "65"]
[EventDate "2015.??.??"]
[WhiteClock "0:01:51"]
[BlackClock "0:00:39"]

1. e4 e6 2. Nf3 d5 3. Nc3 Nf6 4. e5 Nfd7 5. d4 c5 6. dxc5 Bxc5 7. Bd3 Nc6 8.
Bf4 a6 9. O-O b5 10. a3 Bb7 11. Qe2 Be7 12. Rfe1 g5 13. Bg3 Nc5 14. b4 Nxd3 15.
cxd3 g4 16. Nd2 h5 17. Nb3 Rc8 18. Qd2 Nxb4 19. Nxb5 Nc2 20. Nd6+ Bxd6 21. exd6
Nxa1 22. Rxa1 h4 23. Bf4 Qb6 24. Qb2 Rg8 25. d4 a5 26. d7+ Kxd7 27. Nc5+ Kc6
28. Qc2 Qb5 29. Rb1 Ba6 30. Rxb5 Bxb5 31. a4 Bc4 32. Qb2 e5 33. Qb7+ 1-0

[Event "WYCC Girls U16"]
[Site "Porto Carras"]
[Date "2015.10.25"]
[Round "1.6"]
[White "Dimitrova, Aleksandra"]
[Black "Gundogan, Sinem Cagla"]
[Result "0-1"]
[WhiteElo "2235"]
[BlackElo "1886"]
[PlyCount "86"]
[EventDate "2015.??.??"]
[WhiteClock "0:33:58"]
[BlackClock "0:27:21"]

1. e4 e5 2. Nf3 Nc6 3. Bb5 Nf6 4. O-O a6 5. Ba4 Be7 6. Re1 b5 7. Bb3 d6 8. c3
O-O 9. h3 Nb8 10. d4 Nbd7 11. Nbd2 Bb7 12. Bc2 Re8 13. Nf1 Bf8 14. Ng3 g6 15.
b3 c5 16. d5 Nb6 17. Be3 h6 18. a4 bxa4 19. bxa4 a5 20. Nh2 Ba6 21. h4 Kh7 22.
h5 Bg7 23. hxg6+ fxg6 24. f4 exf4 25. Bxf4 Rf8 26. Rb1 Nc4 27. Qc1 Nd7 28. Ng4
Qh4 29. Bd1 h5 30. Be2 hxg4 31. Nh1 Qf6 32. g3 Qxc3 33. Kg2 Qxc1 34. Rbxc1 Nce5
35. Nf2 Bxe2 36. Rxe2 Rab8 37. Nxg4 Nxg4 38. Bxd6 Bd4 39. Bxb8 Rxb8 40. Rh1+
Kg7 41. Rh4 Ne3+ 42. Kh3 Ne5 43. d6 Nf3 0-1

[Event "WYCC Girls U16"]
[Site "Porto Carras"]
[Date "2015.10.25"]
[Round "1.8"]
[White "Narva, Mai"]
[Black "Schloffer, Jasmin-Denise"]
[Result "0-1"]
[WhiteElo "2203"]
[BlackElo "1868"]
[PlyCount "74"]
[EventDate "2015.??.??"]
[WhiteClock "0:05:49"]
[BlackClock "0:05:04"]

1. e4 e5 2. Nf3 Nc6 3. Bb5 a6 4. Ba4 Nf6 5. O-O Be7 6. Re1 b5 7. Bb3 d6 8. c3
O-O 9. h3 Na5 10. Bc2 c5 11. d4 Qc7 12. Nbd2 cxd4 13. cxd4 Rd8 14. Nf1 exd4 15.
Nxd4 d5 16. e5 Ne4 17. Bf4 Bc5 18. Rc1 Qb6 19. Be3 Nc4 20. Nb3 Bxe3 21. Nxe3
Nxe5 22. Bxe4 dxe4 23. Nd5 Qd6 24. Nc7 Nf3+ 25. Kf1 Nh2+ 26. Ke2 Qf6 27. Qc2 e3
28. f3 Bxh3 29. Qc3 Qh4 30. Qxe3 Bxg2 31. Nd2 Rac8 32. Nxa6 Rxc1 33. Rxc1 h6
34. Nc5 Qh3 35. Nce4 Kh8 36. Rc7 Bxf3+ 37. Nxf3 Qf1# 0-1

[Event "WYCC Girls U16"]
[Site "Porto Carras"]
[Date "2015.10.25"]
[Round "1.9"]
[White "Dogan, Sevval"]
[Black "Gazikova, Veronika"]
[Result "0-1"]
[WhiteElo "1864"]
[BlackElo "2190"]
[PlyCount "60"]
[EventDate "2015.??.??"]
[WhiteClock "0:00:41"]
[BlackClock "0:09:59"]

1. e4 e5 2. Nf3 Nc6 3. Bb5 a6 4. Ba4 d6 5. c3 f5 6. d3 Nf6 7. Qe2 fxe4 8. dxe4
Bg4 9. Nbd2 Qd7 10. O-O Be7 11. Qd3 Nh5 12. Bxc6 bxc6 13. Nc4 O-O 14. Ne1 Qe8
15. f3 Be6 16. Be3 Bf6 17. Nd2 Qg6 18. Qe2 d5 19. exd5 cxd5 20. Nb3 Be7 21. Nd3
Bd6 22. Nbc5 Bf5 23. Rad1 Rae8 24. Qd2 e4 25. fxe4 dxe4 26. Nf2 Nf6 27. h3 Qg3
28. Nh1 Qh2+ 29. Kf2 Bxh3 30. Ke1 Bxg2 0-1

[Event "WYCC Girls U16"]
[Site "Porto Carras"]
[Date "2015.10.25"]
[Round "1.10"]
[White "Kiolbasa, Oliwia"]
[Black "Cimpean, Andra"]
[Result "1-0"]
[WhiteElo "2182"]
[BlackElo "1856"]
[PlyCount "53"]
[EventDate "2015.??.??"]

1. e4 c5 2. Nf3 e6 3. d4 cxd4 4. Nxd4 a6 5. Be2 b5 6. a4 b4 7. O-O Bb7 8. Bf3
Qc7 9. Qe2 Nf6 10. Re1 Nc6 11. Nxc6 Bxc6 12. c4 Qb7 13. Nd2 d6 14. Nb3 e5 15.
c5 dxc5 16. Qc4 Nd7 17. Be3 Nb6 18. Qc1 Nxa4 19. Bd1 a5 20. Rxa4 Bxa4 21. Nxc5
Bxc5 22. Bxa4+ Kf8 23. Qxc5+ Qe7 24. Qc6 Qd8 25. Rd1 Qb8 26. Bb6 g6 27. Qf6 1-0

[Event "WYCC Girls U16"]
[Site "Porto Carras"]
[Date "2015.10.25"]
[Round "1.11"]
[White "Muratova, Saltanat"]
[Black "Harshita, Guddanti"]
[Result "0-1"]
[WhiteElo "1837"]
[BlackElo "2181"]
[PlyCount "58"]
[EventDate "2015.??.??"]
[WhiteClock "0:22:31"]
[BlackClock "0:30:50"]

1. e4 c5 2. Nf3 d6 3. c3 Nf6 4. h3 Nc6 5. Bd3 g6 6. O-O Bg7 7. Bc2 O-O 8. d4
cxd4 9. cxd4 Qb6 10. Nc3 Nd7 11. Nd5 Qd8 12. Be3 e6 13. Nc3 Nb6 14. Qe2 d5 15.
e5 Nc4 16. Bc1 Qb6 17. Rd1 Nxb2 18. Rb1 Nxd1 19. Rxb6 Nxc3 20. Qe1 axb6 21.
Qxc3 Bd7 22. a4 Rfc8 23. Ba3 Nxe5 24. Qd2 Nc4 25. Qf4 Nxa3 26. Bd3 Rxa4 27. Ng5
Be8 28. Qh4 h6 29. Nf3 e5 0-1

[Event "WYCC Girls U16"]
[Site "Porto Carras"]
[Date "2015.10.25"]
[Round "1.12"]
[White "Sieber, Fiona"]
[Black "Karimzada, Narmin"]
[Result "1-0"]
[WhiteElo "2180"]
[BlackElo "1807"]
[PlyCount "83"]
[EventDate "2015.??.??"]
[WhiteClock "0:31:50"]
[BlackClock "0:30:59"]

1. e4 c5 2. Nf3 Nc6 3. d4 cxd4 4. Nxd4 e5 5. Nb5 a6 6. Nd6+ Bxd6 7. Qxd6 Qe7 8.
Qd1 Nf6 9. Nc3 d6 10. Bg5 Be6 11. Nd5 Bxd5 12. exd5 Nb8 13. Be2 h6 14. Be3 O-O
15. O-O Nbd7 16. c4 Rfc8 17. Qd2 Rab8 18. Rfc1 Qf8 19. b4 b5 20. a4 bxc4 21.
Bxc4 Ra8 22. f3 Qe7 23. Be2 Qd8 24. a5 e4 25. f4 Nb8 26. Bb6 Qd7 27. Bd4 Nxd5
28. Bxg7 Nxb4 29. Bxh6 N8c6 30. f5 Qxf5 31. Ra3 Ne5 32. Qxb4 Rxc1+ 33. Bxc1 Rc8
34. Rg3+ Ng6 35. Be3 Qd5 36. h4 Qe5 37. Rg5 Qa1+ 38. Kh2 Rc2 39. Bd4 Qc1 40.
Qxd6 Rxe2 41. Qd8+ Kh7 42. Rh5+ 1-0

[Event "WYCC Girls U16"]
[Site "Porto Carras"]
[Date "2015.10.26"]
[Round "2.1"]
[White "Zhou, Qiyu"]
[Black "Olde, Margareth"]
[Result "1-0"]
[BlackElo "2019"]
[WhiteElo "2328"]
[LiveChessVersion "1.4.6"]

1. e4 {[%clk 1:30:57]} c5 {[%clk 1:30:49]} 2. Nf3 {[%clk 1:31:20]} Nc6
{[%clk 1:31:05]} 3. d4 {[%clk 1:31:45]} cxd4 {[%clk 1:31:29]} 4. Nxd4
{[%clk 1:32:11]} e6 {[%clk 1:31:36]} 5. Nc3 {[%clk 1:32:27]} Qc7 {[%clk 1:31:22]}
6. Be3 {[%clk 1:32:44]} a6 {[%clk 1:31:19]} 7. Qd2 {[%clk 1:32:59]} Nf6
{[%clk 1:30:00]} 8. f4 {[%clk 1:32:28]} Bb4 {[%clk 1:26:01]} 9. Bd3
{[%clk 1:31:59]} b5 {[%clk 1:12:09]} 10. a4 {[%clk 1:31:07]} bxa4
{[%clk 1:06:20]} 11. Rxa4 {[%clk 1:29:11]} Rb8 {[%clk 1:04:40]} 12. h3
{[%clk 0:59:21]} d6 {[%clk 0:55:33]} 13. O-O {[%clk 0:57:38]} O-O
{[%clk 0:51:28]} 14. Nb3 {[%clk 0:36:25]} Na5 {[%clk 0:44:17]} 15. Nxa5
{[%clk 0:33:01]} Bxa5 {[%clk 0:44:32]} 16. Rfa1 {[%clk 0:32:58]} Bb6
{[%clk 0:43:32]} 17. R1a2 {[%clk 0:30:26]} Nd7 {[%clk 0:33:57]} 18. Rc4
{[%clk 0:20:55]} Qd8 {[%clk 0:31:34]} 19. Be2 {[%clk 0:18:30]} Bb7
{[%clk 0:28:16]} 20. Bxb6 {[%clk 0:16:52]} Qxb6+ {[%clk 0:21:49]} 21. Qd4
{[%clk 0:17:07]} Bc6 {[%clk 0:16:55]} 22. Kf1 {[%clk 0:09:39]} Bb5
{[%clk 0:13:14]} 23. Nxb5 {[%clk 0:09:50]} axb5 {[%clk 0:13:30]} 24. Qxb6
{[%clk 0:09:06]} Rxb6 {[%clk 0:13:42]} 25. Rb4 {[%clk 0:09:07]} Rfb8
{[%clk 0:12:29]} 26. Ra5 {[%clk 0:09:18]} Nc5 {[%clk 0:09:10]} 27. Kf2
{[%clk 0:08:53]} Na4 {[%clk 0:07:21]} 28. Raxb5 {[%clk 0:04:22]} Rxb5
{[%clk 0:07:40]} 29. Rxb5 {[%clk 0:04:46]} Rxb5 {[%clk 0:06:02]} 30. Bxb5
{[%clk 0:05:12]} Nb6 {[%clk 0:06:19]} 31. Ke3 {[%clk 0:04:34]} Kf8
{[%clk 0:06:13]} 32. Kd4 {[%clk 0:03:32]} Ke7 {[%clk 0:05:05]} 33. c4
{[%clk 0:03:19]} Kd8 {[%clk 0:03:40]} 34. e5 {[%clk 0:02:02]} dxe5+
{[%clk 0:03:48]} 35. Kxe5 {[%clk 0:01:50]} Nc8 {[%clk 0:03:05]} 36. Bc6
{[%clk 0:01:13]} Ne7 {[%clk 0:02:39]} 37. Be4 {[%clk 0:01:29]} Kd7
{[%clk 0:01:18]} 38. g3 {[%clk 0:01:28]} h6 {[%clk 0:01:02]} 39. b4
{[%clk 0:01:37]} f6+ {[%clk 0:01:10]} 40. Kd4 {[%clk 0:32:03]} g5
{[%clk 0:31:20]} 41. fxg5 {[%clk 0:23:56]} hxg5 {[%clk 0:31:29]} 42. h4
{[%clk 0:21:07]} e5+ {[%clk 0:25:43]} 43. Kd3 {[%clk 0:16:44]} f5
{[%clk 0:24:59]} 44. Bf3 {[%clk 0:06:38]} gxh4 {[%clk 0:20:47]} 45. gxh4
{[%clk 0:07:01]} Ng8 {[%clk 0:17:09]} 46. Ke3 {[%clk 0:05:50]} Nf6
{[%clk 0:16:43]} 47. b5 {[%clk 0:01:52]} Kc7 {[%clk 0:14:26]} 48. c5
{[%clk 0:01:50]} Kd8 {[%clk 0:10:19]} 49. b6 {[%clk 0:01:00]} Kc8
{[%clk 0:09:15]} 50. h5 {[%clk 0:00:51]} Kd7 {[%clk 0:08:48]} 51. c6+
{[%clk 0:00:49]} Kc8 {[%clk 0:08:25]} 52. h6 {[%clk 0:01:08]} Kb8
{[%clk 0:08:22]} 53. Be2 {[%clk 0:00:41]} Nd5+ {[%clk 0:08:29]} 54. Kf2
{[%clk 0:00:41]} 1-0

[Event "WYCC Girls U16"]
[Site "Porto Carras"]
[Date "2015.10.26"]
[Round "2.2"]
[White "Salah, Nadezhda"]
[Black "Dordzhieva, Dinara"]
[Result "1-0"]
[BlackElo "2298"]
[WhiteElo "2015"]
[LiveChessVersion "1.4.6"]

1. e4 {[%clk 1:30:49]} c5 {[%clk 1:30:53]} 2. Nc3 {[%clk 1:30:39]} Nc6
{[%clk 1:29:35]} 3. Bb5 {[%clk 1:30:49]} g6 {[%clk 1:28:16]} 4. Bxc6
{[%clk 1:30:29]} bxc6 {[%clk 1:28:40]} 5. d3 {[%clk 1:29:01]} Bg7
{[%clk 1:28:37]} 6. Nge2 {[%clk 1:25:56]} d6 {[%clk 1:27:14]} 7. O-O
{[%clk 1:24:06]} f5 {[%clk 1:13:17]} 8. Ng3 {[%clk 1:08:24]} fxe4
{[%clk 1:10:20]} 9. Ncxe4 {[%clk 1:07:27]} Nh6 {[%clk 1:03:57]} 10. Nh5
{[%clk 1:00:33]} gxh5 {[%clk 1:04:06]} 11. Bxh6 {[%clk 1:00:46]} Bg4
{[%clk 1:04:33]} 12. f3 {[%clk 0:59:34]} Bxh6 {[%clk 0:43:37]} 13. fxg4
{[%clk 0:59:54]} Be3+ {[%clk 0:36:19]} 14. Kh1 {[%clk 0:58:47]} Qd7
{[%clk 0:36:19]} 15. Qe2 {[%clk 0:38:48]} Bd4 {[%clk 0:34:59]} 16. c3
{[%clk 0:39:11]} Bg7 {[%clk 0:34:02]} 17. gxh5 {[%clk 0:35:08]} O-O-O
{[%clk 0:25:51]} 18. Rf7 {[%clk 0:24:13]} Rhg8 {[%clk 0:25:31]} 19. Ng5
{[%clk 0:21:42]} Be5 {[%clk 0:23:38]} 20. Ne4 {[%clk 0:15:21]} Qe6
{[%clk 0:15:16]} 21. Raf1 {[%clk 0:11:14]} h6 {[%clk 0:14:45]} 22. R7f5
{[%clk 0:10:07]} Bh8 {[%clk 0:11:19]} 23. d4 {[%clk 0:07:28]} Qxa2
{[%clk 0:05:39]} 24. dxc5 {[%clk 0:06:49]} d5 {[%clk 0:06:36]} 25. Ng3
{[%clk 0:05:34]} e5 {[%clk 0:06:33]} 26. Rf7 {[%clk 0:04:36]} e4 {[%clk 0:06:07]}
27. Nf5 {[%clk 0:03:32]} Rd7 {[%clk 0:02:15]} 28. Ne7+ {[%clk 0:03:45]} Rxe7
{[%clk 0:02:38]} 29. Rxe7 {[%clk 0:04:03]} Bxc3 {[%clk 0:01:40]} 30. Qg4+
{[%clk 0:04:03]} 1-0

[Event "WYCC Girls U16"]
[Site "Porto Carras"]
[Date "2015.10.26"]
[Round "2.3"]
[White "Tsolakidou, Stavroula"]
[Black "Afraoui, Anaelle"]
[Result "1/2-1/2"]
[BlackElo "2014"]
[WhiteElo "2279"]
[LiveChessVersion "1.4.6"]

1. d4 {[%clk 1:30:56]} Nf6 {[%clk 1:30:49]} 2. c4 {[%clk 1:31:19]} g6
{[%clk 1:31:14]} 3. Nc3 {[%clk 1:31:39]} Bg7 {[%clk 1:31:38]} 4. e4
{[%clk 1:31:59]} d6 {[%clk 1:32:03]} 5. Be2 {[%clk 1:32:18]} O-O {[%clk 1:31:00]}
6. Be3 {[%clk 1:32:34]} e5 {[%clk 1:21:25]} 7. d5 {[%clk 1:32:32]} Nbd7
{[%clk 1:20:50]} 8. g4 {[%clk 1:31:34]} Nc5 {[%clk 1:17:28]} 9. f3
{[%clk 1:30:25]} a5 {[%clk 1:15:14]} 10. h4 {[%clk 1:29:09]} Nfd7
{[%clk 1:08:05]} 11. h5 {[%clk 1:12:25]} g5 {[%clk 1:06:04]} 12. h6
{[%clk 1:08:58]} Bf6 {[%clk 1:04:46]} 13. Nh3 {[%clk 0:54:58]} Be7
{[%clk 1:02:56]} 14. Qd2 {[%clk 0:49:22]} f6 {[%clk 1:03:12]} 15. Nf2
{[%clk 0:48:29]} Re8 {[%clk 1:01:54]} 16. Rh2 {[%clk 0:41:06]} Nf8
{[%clk 1:01:57]} 17. Nh1 {[%clk 0:37:38]} Ng6 {[%clk 1:02:21]} 18. Ng3
{[%clk 0:36:53]} Kh8 {[%clk 0:58:48]} 19. Rb1 {[%clk 0:30:11]} Rg8
{[%clk 0:55:26]} 20. b3 {[%clk 0:25:13]} Nf4 {[%clk 0:49:35]} 21. Nd1
{[%clk 0:20:42]} Qf8 {[%clk 0:45:51]} 22. Bxc5 {[%clk 0:13:53]} dxc5
{[%clk 0:46:06]} 23. Ne3 {[%clk 0:14:19]} b6 {[%clk 0:42:26]} 24. Bd1
{[%clk 0:09:58]} Rg6 {[%clk 0:41:37]} 25. Ngf5 {[%clk 0:09:28]} Bxf5
{[%clk 0:41:21]} 26. Nxf5 {[%clk 0:09:53]} Rd8 {[%clk 0:41:21]} 27. Qc3
{[%clk 0:07:16]} Bd6 {[%clk 0:39:25]} 28. Bc2 {[%clk 0:06:31]} Kg8
{[%clk 0:38:02]} 29. Rd1 {[%clk 0:04:46]} Kh8 {[%clk 0:38:10]} 30. Rb1
{[%clk 0:03:37]} 1/2-1/2